000
00367nam a2200133Ia 4500
008
231129s2006||||xx |||||||||||||| ||spa||
020
_a
958-8236-58-4
082
_a
ER- 338
100
_a
Henao Betancur Luis Jairo
245
0
_a
Matrícula condicional
260
_c
2006
264
_a
Pereira: Papiro 2006
942
_2
ddc
_c
BKS
999
_c
20797
_d
20797